Word Ladder: Chiropractor's Return Quiz Stats

 Plays Quiz Updated Jul 28, 2017

Support Sporcle.
Go Orange.
Score 0/16 Timer 02:00
0 Plays Today
Clue Word % Correct
Beachy surfaceSAND
93.7%
Settled a bill or debtPAID
90.9%
Aforementioned or statedSAID
90.1%
Dark beerBOCK
87.9%
Level of power in the militaryRANK
87.3%
Currency of South AfricaRAND
85.9%
• Tylenol's target ••PAIN•
85.6%
Tell a very uninteresting storyBORE
85.1%
Clue Word % Correct
Legendary talesLORE
80.9%
Interjection from the Swedish ChefBORK
78.3%
Torture or spice followerRACK
75.5%
• Endorse or support ••BACK•
74.9%
A section of theatre seatsLOGE
52%
___ of the Rock, JerusalemDOME
50.8%
Venetian magistrate or 2013 memeDOGE
43.4%
• Partner of 'get it' ••COME•
36.7%

Today's Daily Dose

You're not logged in!

Compare scores with friends on all Sporcle quizzes.
OR
Log In
Forgot?

From the Vault

24 Yellow Movie Posters

by Sheldon

Yellow is such a cheerful color, even if these movies aren't.
Remove Ads.
Support Sporcle.
Get the best of Sporcle when you Go Orange. This ad-free experience offers more features, more stats, and more fun while also helping to support Sporcle. Thank you for becoming a member.

Show Comments

Extras

Top Quizzes Today


Score Distribution

Your Account Isn't Verified!

In order to create a playlist on Sporcle, you need to verify the email address you used during registration. Go to your Sporcle Settings to finish the process.

Report this User

Report this user for behavior that violates our Community Guidelines.

Details: